| 000 | 00517nam a2200181Ia 4500 | ||
|---|---|---|---|
| 003 | GCL | ||
| 008 | 140319s9999 xx 000 0 eng d | ||
| 040 |
_aGCL / _cGCL |
||
| 082 | 0 | 4 |
_a530 _bC U |
| 100 | 1 | _aCRUMMETT, WILLIAM | |
| 245 | 1 | 0 |
_aUNIVERSITY PHYSICS: MODLE AND APPLICATIONS / _cCRUMMETT, WILLIAM |
| 700 | 1 | _aWESTERN, ARTHUR | |
| 260 |
_a[S.N] : _bWM. C. BROWIN COMMUNICATIONS, INC ، _c1994 |
||
| 300 | _a1224 P | ||
| 650 | 0 | 4 | _aNUMERICAL CALCULATION |
| 650 | 0 | 4 | _aPHYSICAL MEASUREMENTS |
| 942 |
_2ddc _cBK |
||
| 999 |
_c10226 _d10226 |
||